[Event "Veliko Gradiste Silver Lake op-A"]
[Site "Veliko Gradiste"]
[Date "2023.06.21"]
[Round "5"]
[White "Simhadri, Sai Hrushikesh"]
[Black "Stojanov, Alexandar"]
[Result "1/2-1/2"]
[WhiteElo "1826"]
[BlackElo "2136"]
[PlyCount "87"]
[EventDate "2023.06.18"]
[EventType "swiss"]
[EventRounds "9"]
[EventCountry "SRB"]
[SourceTitle "CBM 215 Extra"]
[Source "ChessBase"]
[SourceDate "2023.09.30"]
[SourceVersion "1"]
[SourceVersionDate "2023.09.30"]
[SourceQuality "1"]

1. e4 c6 2. d4 d5 3. e5 Bf5 4. Nf3 e6 5. Be2 Nd7 6. 0-0 a6 7. Be3 h6 8. c4 Ne7 9. Nc3 dxc4 10. Bxc4 Nd5 11. Nxd5 cxd5 12. Bd3 Bxd3 13. Qxd3 Be7 14. Rfc1 Nb8 15. b4 Qd7 16. Rab1 Nc6 17. Bd2 0-0 18. h3 Rfc8 19. b5 axb5 20. Qxb5 Rxa2 21. Qxb7 Rc7 22. Qb3 Ra3 23. Qc2 Bd8 24. Qc5 Rxf3 25. gxf3 Nxe5 26. Qa3 Nc4 27. Qd3 Rc8 28. Bf4 Bg5 29. Bxg5 hxg5 30. Kg2 Qc7 31. Rc3 Ne3+ 32. Qxe3 Qxc3 33. Rb8 Qc7 34. Rxc8+ Qxc8 35. Qxg5 Qc7 36. h4 f6 37. Qg4 Qf7 38. f4 f5 39. Qg5 Kh7 40. Kg3 Qf6 41. Qh5+ Qh6 42. Qg5 Qf6 43. Qh5+ Qh6 44. Qg5 1/2-1/2